000 00394nam a2200133Ia 4500
005 20260328101443.0
008 260328s9999||||xx |||||||||||||| ||und||
100 _aDorselaer, Jaime
245 0 _aLa Urbanización en América Latina. Descripción del fenómeno de Urbanización en América Latina /
_cJaime Dorselaer
260 _bFeres
300 _a192 p.
650 _aURBANISMO
942 _cBK
999 _c8365
_d8365